Statistics for People Junuh Mentioned At School

Click here to take the quiz!

General Stats

  • This quiz has been taken 8 times
  • The average score is 10 of 12

Answer Stats

HintAnswer% Correct
Shen BapiroBen Shapiro
100%
Old NewsBrier
100%
CousinBryant Scurlock
100%
Often confused with Landon CosnerJoshua Figgins
100%
One from lunch, one named CodyLuke
100%
CNAMr. H
100%
The Young SubMr. Ranier
100%
Canadian Messiah/Survivor of FIGPatrick M
100%
Related to CousinRichie Scurlock
100%
Multiple kids at lunchJohn
50%
Best SubMr. Wells
50%
Old Junuh ReferenceRufort
0%

Score Distribution

Percentile by Number Answered

Percent of People with Each Score

Your Score History

You have not taken this quiz